[Event "Xtracon Grand Master 2013"]
[Site "Asgaard Skole, Koge"]
[Date "2013.10.15"]
[Round "2.34"]
[White "Christophersen, David"]
[Black "Severinsen, Frank"]
[Result "0-1"]
[WhiteElo "1811"]
[BlackElo "1100"]
[PlyCount "82"]
[EventDate "2013.??.??"]
[WhiteTeam "Allerød Skakklub"]
[BlackTeam "Skakklubben K41"]

1. d4 Nf6 2. c4 e5 3. d5 Bc5 4. Bg5 Bxf2+ 5. Kxf2 Ng4+ 6. Ke1 Qxg5 7. Nf3 Qh5
8. h3 d6 9. e4 f5 10. exf5 e4 11. Qe2 Bxf5 12. hxg4 Qxh1 13. gxf5 O-O 14. Qxe4
Na6 15. Ng5 Rae8 16. Ne6 Nc5 17. Qe2 Rxf5 18. Nd2 Re5 19. Qxe5 dxe5 20. Nxc7
Rf8 21. Ke2 Qh5+ 22. Ke1 Qf5 23. b4 Ne4 24. Nxe4 Qxe4+ 25. Be2 Rf2 26. Kxf2
Qd4+ 27. Kf3 Qxa1 28. d6 Qd4 29. Nd5 e4+ 30. Kg3 Qe5+ 31. Kf2 Qxd6 32. Ke3 Qg3+
33. Kxe4 Qxg2+ 34. Kd3 h5 35. Ne3 Qg6+ 36. Kd2 h4 37. Nd5 Qd6 38. Ke1 h3 39.
Bf3 Qg3+ 40. Ke2 h2 41. Ne3 Qxf3+ 0-1

[Event "Xtracon Grand Master 2013"]
[Site "Asgaard Skole, Koge"]
[Date "2013.10.15"]
[Round "2.39"]
[White "Keinicke, Mads"]
[Black "Nielsen, Bjørn"]
[Result "1-0"]
[WhiteElo "1693"]
[BlackElo "1431"]
[PlyCount "119"]
[EventDate "2013.??.??"]
[WhiteTeam "Nørrebro Skakklub"]
[BlackTeam "Nørrebro Skakklub"]

1. d4 Nf6 2. Nf3 e6 3. e3 Be7 4. Bd3 h6 5. O-O O-O 6. c4 d5 7. Nc3 c5 8. b3
cxd4 9. exd4 b6 10. Bf4 Bb7 11. a3 Qd7 12. Ne5 Qd8 13. Qd2 Ne4 14. Bxe4 dxe4
15. Rfe1 Nc6 16. Nxc6 Bxc6 17. Nxe4 Bxe4 18. Rxe4 Bg5 19. Bxg5 Qxg5 20. Qxg5
hxg5 21. Rd1 Rad8 22. f3 Rfe8 23. Kf2 Kh7 24. Rde1 Kg6 25. d5 Rd6 26. dxe6 f5
27. Re5 Kf6 28. e7 g6 29. Rd5 Re6 30. Rxe6+ Kxe6 31. Rd2 f4 32. Re2+ Kf6 33.
Re4 Rxe7 34. Rxe7 Kxe7 35. Ke2 Ke6 36. Kd3 a6 37. b4 Kd7 38. Kd4 Kd6 39. a4 a5
40. c5+ bxc5+ 41. bxc5+ Kc6 42. Kc4 g4 43. fxg4 Kb7 44. Kb5 Kc7 45. Kxa5 Kc6
46. Kb4 Kc7 47. Kb5 Kb7 48. a5 g5 49. a6+ Kb8 50. Kc6 Ka7 51. Kd7 Kxa6 52. c6
f3 53. gxf3 Ka7 54. c7 Kb7 55. c8=Q+ Ka7 56. Qc2 Kb6 57. Qc6+ Ka7 58. Qb5 Ka8
59. Kc7 Ka7 60. Qb7# 1-0